Introducción al estudio de la psicología positiva / (Record no. 96195)

MARC details
000 -LEADER
campo de control de longitud fija 00847nam a2200217 i 4500
001 - NÚMERO DE CONTROL
campo de control 96195
003 - IDENTIFICADOR DE NÚMERO DE CONTROL
campo de control ES-MaACL
005 - FECHA Y HORA DE LA ÚLTIMA TRANSACCIÓN
campo de control 20251030134553.0
008 - DATOS DE LONGITUD FIJA--INFORMACIÓN GENERAL
campo de control de longitud fija 050613s1905 sp a |||| | spa d
100 1# - ENTRADA PRINCIPAL--NOMBRE DE PERSONA
Nombre de persona Maestre, Tomás,
Fechas asociadas al nombre 1857-1936
9 (RLIN) 75394
245 10 - MENCIÓN DEL TÍTULO
Título Introducción al estudio de la psicología positiva /
Mención de responsabilidad, etc. por Tomás Maestre ; con un prólogo del Doctor Cajal.
260 ## - PUBLICACIÓN, DISTRIBUCIÓN, ETC.
Lugar de publicación, distribución, etc. Madrid :
Nombre del editor, distribuidor, etc. Bailly-Bailliere e Hijos,
Fecha de publicación, distribución, etc. [1905]
300 ## - DESCRIPCIÓN FÍSICA
Extensión XXIV, 287 p. :
Otras características físicas il. ;
Dimensiones 22 cm.
530 ## - NOTA DISPONIBLE DE FORMULARIO FÍSICO ADICIONAL
Nota de formato físico adicional disponible Disponible en formato digital.
650 07 - PUNTO DE ACCESO ADICIONAL DE MATERIA--TÉRMINO DE MATERIA
Término de materia o nombre geográfico como elemento de entrada Psicología
Fuente del encabezamiento o término embne
9 (RLIN) 16540
700 1# - ENTRADA AGREGADA--NOMBRE PERSONAL
Nombre de persona Ramón y Cajal, Santiago,
Fechas asociadas al nombre 1852-1934
9 (RLIN) 226468
852 ## - LOCALIZACIÓN
Ubicación ES-MaACL
Número de control de estantería B-11229
Ubicación en estantería Sala Pardo Bazán
856 4# - LOCALIZACIÓN Y ACCESO ELECTRÓNICOS
Identificador Uniforme de Recursos <a href="http://bibliotecavirtual.ranm.es/ranm/i18n/consulta/registro.do?id=624">http://bibliotecavirtual.ranm.es/ranm/i18n/consulta/registro.do?id=624</a>
Texto de enlace Biblioteca Virtual de la Real Academia Nacional de Medicina
942 ## - ELEMENTOS DE ENTRADA SECUNDARIOS (KOHA)
Fuente del sistema de clasificación o colocación Clasificación decimal universal
Holdings
Estatus retirado Estado de pérdida Estado de daño No para préstamo Colección Biblioteca de origen Biblioteca actual Ubicación en estantería Fecha de adquisición Fuente de adquisición Total de préstamos Signatura topográfica completa Código de barras Visto por última vez Precio de reemplazo Tipo de ítem Koha
        Colección digital Biblioteca del Ateneo de Madrid Biblioteca del Ateneo de Madrid Sala Pardo Bazán 17/01/2008     B-11229 1100435 23/02/2023 23/02/2023 Libro impreso